[Event "FIDE WY-U16 Olympiad 2022"]
[Site "Nakhchivan"]
[Date "2022.10.10"]
[Round "9.1"]
[White "Chen, Max"]
[Black "Galaviz Medina, Atlas Adomaitis"]
[Result "1-0"]
[WhiteElo "2154"]
[BlackElo "2131"]
[Annotator "TA"]
[PlyCount "101"]
[EventDate "2022.10.02"]
[EventType "team-tourn"]
[EventCountry "AZE"]
[SourceTitle "playchess.com"]
[Source "ChessBase"]
[SourceQuality "1"]
[WhiteTeam "Canada"]
[BlackTeam "Mexico"]
[WhiteTeamCountry "CAN"]
[BlackTeamCountry "MEX"]

1. e4 c5 2. c3 d5 3. exd5 Qxd5 4. d4 g6 5. Nf3 Bg7 6. Na3 cxd4 7. Nb5 Na6 8. cxd4 Nh6 9. Nc3 Qd6 10. Bb5+ Bd7 11. Bxd7+ Qxd7 12. Bxh6 Bxh6 13. Ne5 Qf5 14. Qb3 O-O 15. Qxb7 Rab8 16. Qxa6 Bd2+ 17. Kd1 Rxb2 18. Qd3 Bxc3 19. Qxc3 Rxf2 20. Qd3 Qxd3+ 21. Nxd3 Rxg2 22. Nf4 Rb2 23. Nd3 Rb6 24. Re1 e6 25. Ne5 Rd8 26. Nf3 f6 27. Ke2 g5 28. Ke3 Ra6 29. a4 Rb8 30. Rec1 Kf7 31. Nd2 Kg6 32. Rc4 Rb2 33. Kd3 f5 34. Kc3 Rb8 35. a5 f4 36. Rc5 Rd6 37. Rxg5+ Kxg5 38. Ne4+ Kg4 39. Nxd6 Kh3 40. Rf1 Rf8 41. Rf2 h5 42. Kd3 Rd8 43. Nb7 Rd5 44. Ke4 a6 45. Nc5 f3 46. Nxe6 Rxa5 47. Nf4+ Kg4 48. Rxf3 h4 49. h3+ Kg5 50. Ne6+ Kg6 51. d5 1-0

[Event "FIDE WY-U16 Olympiad 2022"]
[Site "Nakhchivan"]
[Date "2022.10.10"]
[Round "9.2"]
[White "Celik, Hasan Huseyin"]
[Black "Pranesh M"]
[Result "1-0"]
[WhiteElo "2323"]
[BlackElo "2442"]
[Annotator "TA"]
[PlyCount "99"]
[EventDate "2022.10.02"]
[EventType "team-tourn"]
[EventCountry "AZE"]
[SourceTitle "playchess.com"]
[Source "ChessBase"]
[SourceQuality "1"]
[WhiteTeam "Turkey"]
[BlackTeam "India"]
[WhiteTeamCountry "TUR"]
[BlackTeamCountry "IND"]

1. d4 d5 2. c4 c6 3. Nf3 Nf6 4. Nc3 e6 5. e3 Nbd7 6. Qc2 Bd6 7. Bd3 dxc4 8. Bxc4 b5 9. Be2 Bb7 10. O-O a6 11. e4 e5 12. dxe5 Nxe5 13. Nd4 g6 14. Bg5 Ned7 15. Rad1 h6 16. Be3 Qe7 17. Nb3 a5 18. f3 h5 19. Qd2 Bc7 20. Qc1 Rc8 21. Bg5 h4 22. Kh1 Rh5 23. Bf4 Bxf4 24. Qxf4 a4 25. Nd4 Kf8 26. a3 Re8 27. Qc7 Nc5 28. Qxe7+ Rxe7 29. f4 Rh8 30. e5 Nh5 31. f5 Kg8 32. e6 fxe6 33. Nxe6 Nxe6 34. fxe6 h3 35. g4 c5+ 36. Bf3 Bxf3+ 37. Rxf3 Ng7 38. Rd8+ Ne8 39. Re3 Kg7 40. Nd5 Rb7 41. g5 Rf8 42. Kg1 b4 43. Rd7+ Rxd7 44. exd7 Nd6 45. Re7+ Nf7 46. Nf4 bxa3 47. bxa3 Rh8 48. Ne6+ Kg8 49. d8=Q+ Nxd8 50. Rg7# 1-0

[Event "FIDE WY-U16 Olympiad 2022"]
[Site "Nakhchivan"]
[Date "2022.10.10"]
[Round "9.2"]
[White "Paredes Guzman, Francisco Javier"]
[Black "Chen, Rachel Ruoxuan"]
[Result "1/2-1/2"]
[WhiteElo "2023"]
[BlackElo "1805"]
[Annotator "TA"]
[PlyCount "94"]
[EventDate "2022.10.02"]
[EventType "team-tourn"]
[EventCountry "AZE"]
[SourceTitle "playchess.com"]
[Source "ChessBase"]
[SourceQuality "1"]
[WhiteTeam "Mexico"]
[BlackTeam "Canada"]
[WhiteTeamCountry "MEX"]
[BlackTeamCountry "CAN"]

1. d4 Nf6 2. Nf3 e6 3. c4 b6 4. g3 Ba6 5. Qc2 c5 6. Bg2 Nc6 7. dxc5 Bxc5 8. a3 Bb7 9. O-O O-O 10. Nc3 Qc8 11. Rd1 d5 12. b4 Be7 13. cxd5 Nxd5 14. Nxd5 exd5 15. Bb2 a5 16. b5 Nd8 17. Qa4 Ne6 18. Bh3 Qe8 19. Rab1 Rc8 20. Rdc1 Rxc1+ 21. Rxc1 Nc5 22. Qg4 f6 23. Nd4 Bc8 24. Qh4 Bxh3 25. Qxh3 Bd6 26. Qf5 Qe4 27. Qxe4 dxe4 28. Nf5 Rd8 29. Rc4 Bf8 30. Bd4 g6 31. Ne3 Kf7 32. g4 Ke6 33. h4 f5 34. a4 Be7 35. Kg2 Bf8 36. h5 Rd7 37. f3 exf3+ 38. Kxf3 Bd6 39. gxf5+ gxf5 40. Bxc5 Bxc5 41. Ng2 Rd4 42. Nf4+ Kf6 43. Rxd4 Bxd4 44. e4 Bc5 45. Nd3 Bd6 46. exf5 Kxf5 47. Nf2 h6 1/2-1/2

[Event "FIDE WY-U16 Olympiad 2022"]
[Site "Nakhchivan"]
[Date "2022.10.10"]
[Round "9.3"]
[White "Harshad S"]
[Black "Ozkan, Taha"]
[Result "0-1"]
[WhiteElo "2228"]
[BlackElo "2299"]
[Annotator "TA"]
[PlyCount "100"]
[EventDate "2022.10.02"]
[EventType "team-tourn"]
[EventCountry "AZE"]
[SourceTitle "playchess.com"]
[Source "ChessBase"]
[SourceQuality "1"]
[WhiteTeam "India"]
[BlackTeam "Turkey"]
[WhiteTeamCountry "IND"]
[BlackTeamCountry "TUR"]

1. e4 e6 2. d4 d5 3. Nc3 Bb4 4. e5 c5 5. a3 Bxc3+ 6. bxc3 Qc7 7. h4 Nc6 8. h5 h6 9. Qg4 f6 10. Bd3 fxe5 11. Bg6+ Kd8 12. Ne2 cxd4 13. O-O dxc3 14. Nxc3 Nd4 15. Bb2 Nf6 16. Qh4 Rf8 17. Kh1 a6 18. f4 Nc6 19. Rae1 exf4 20. Rxf4 Bd7 21. a4 Kc8 22. Ba3 Rd8 23. Bf7 Ne5 24. Be7 Nxf7 25. Bxd8 Nxd8 26. Rf3 Bc6 27. Qd4 Nxh5 28. Rf8 Nf6 29. Rxe6 h5 30. Qb4 a5 31. Qe7 Qd7 32. Qxd7+ Kxd7 33. Re5 b6 34. Re1 Ne6 35. Rf7+ Kd6 36. Rb1 Nd7 37. Rd1 Rf8 38. Rxf8 Ndxf8 39. Ne4+ Ke5 40. Nc3 d4 41. Re1+ Kd6 42. Ne4+ Bxe4 43. Rxe4 Nd7 44. Re1 Ndc5 45. Ra1 Kd5 46. Kh2 Kc4 47. Kg3 Kc3 48. Ra2 g5 49. Kf3 Nf4 50. g3 Nd5 0-1

[Event "FIDE WY-U16 Olympiad 2022"]
[Site "Nakhchivan"]
[Date "2022.10.10"]
[Round "9.3"]
[White "Zhao, Jeffrey Renfei"]
[Black "Zacarias Rodriguez, Santiago"]
[Result "1-0"]
[WhiteElo "1807"]
[BlackElo "2123"]
[Annotator "TA"]
[PlyCount "97"]
[EventDate "2022.10.02"]
[EventType "team-tourn"]
[EventCountry "AZE"]
[SourceTitle "playchess.com"]
[Source "ChessBase"]
[SourceQuality "1"]
[WhiteTeam "Canada"]
[BlackTeam "Mexico"]
[WhiteTeamCountry "CAN"]
[BlackTeamCountry "MEX"]

1. e4 c5 2. Nf3 Nc6 3. d4 cxd4 4. Nxd4 Nf6 5. Nc3 e5 6. Ndb5 d6 7. Bg5 a6 8. Na3 b5 9. Nd5 Be7 10. Bxf6 Bxf6 11. c4 b4 12. Nc2 a5 13. b3 O-O 14. g3 Be6 15. Bg2 g6 16. O-O Bg7 17. Qd2 Ne7 18. Nxe7+ Qxe7 19. Rad1 Rfd8 20. Ne3 Rac8 21. Qe2 Qa7 22. Nd5 Rc5 23. Ne3 Bh6 24. Rd3 Bxe3 25. Qxe3 Rc7 26. Qd2 Rcd7 27. Rd1 Qc5 28. Qh6 a4 29. Bh3 axb3 30. axb3 Bxh3 31. Qxh3 Rc7 32. Rd5 Qa7 33. Qh6 Qa3 34. Rxd6 Re8 35. Qe3 Qa2 36. Rd7 Rxd7 37. Rxd7 Qb1+ 38. Kg2 Qc2 39. Qd3 Qb2 40. Qd5 Rf8 41. c5 h5 42. h4 g5 43. hxg5 Kg7 44. c6 h4 45. gxh4 Kg6 46. c7 Qe2 47. c8=Q Qg4+ 48. Kf1 Qh3+ 49. Ke1 1-0

[Event "FIDE WY-U16 Olympiad 2022"]
[Site "Nakhchivan"]
[Date "2022.10.10"]
[Round "9.4"]
[White "Mustu, Hatice Asli"]
[Black "Boramanikar Tanisha S"]
[Result "1-0"]
[WhiteElo "1896"]
[BlackElo "1808"]
[Annotator "NA RC COMBH"]
[PlyCount "83"]
[EventDate "2022.10.02"]
[EventType "team-tourn"]
[EventCountry "AZE"]
[SourceTitle "playchess.com"]
[Source "ChessBase"]
[SourceQuality "1"]
[WhiteTeam "Turkey"]
[BlackTeam "India"]
[WhiteTeamCountry "TUR"]
[BlackTeamCountry "IND"]

1. d4 Nf6 2. Nf3 b6 3. g3 Bb7 4. Bg2 e6 5. O-O Be7 6. c4 O-O 7. d5 exd5 8. Nh4 c6 9. cxd5 Nxd5 10. Nf5 Nf6 11. e4 Kh8 12. Nc3 d5 13. Bg5 h6 14. exd5 hxg5 15. d6 Bxd6 16. Nxd6 Qd7 17. Nce4 Nxe4 18. Bxe4 g6 19. Qd4+ Kh7 20. Qf6 Qd8 21. Qxd8 Rxd8 22. Nxb7 Rd7 23. Rad1 Rxb7 24. Rd8 Rc7 25. Rfd1 a5 26. Re8 a4 27. Rdd8 a3 28. b3 Rb7 29. Bxc6 Nxc6 30. Rxa8 Na5 31. Reb8 Kg7 32. Rxb7 Nxb7 33. Rxa3 Na5 34. b4 Nc4 35. Rc3 Nb2 36. Rc6 Na4 37. Kf1 Kf8 38. Ke2 Ke8 39. Kd3 Kd7 40. b5 Nc5+ 41. Rxc5 bxc5 42. Kc4 1-0

[Event "FIDE WY-U16 Olympiad 2022"]
[Site "Nakhchivan"]
[Date "2022.10.10"]
[Round "9.4"]
[White "Hernandez Diaz, Paula Sofia"]
[Black "Jiang, Kate Yuhua"]
[Result "1-0"]
[WhiteElo "1759"]
[BlackElo "1649"]
[Annotator "NA RC COMBH"]
[PlyCount "105"]
[EventDate "2022.10.02"]
[EventType "team-tourn"]
[EventCountry "AZE"]
[SourceTitle "playchess.com"]
[Source "ChessBase"]
[SourceQuality "1"]
[WhiteTeam "Mexico"]
[BlackTeam "Canada"]
[WhiteTeamCountry "MEX"]
[BlackTeamCountry "CAN"]

1. c4 c6 2. Nf3 d5 3. b3 Nf6 4. Bb2 e6 5. g3 Bd6 6. Bg2 O-O 7. d4 Nbd7 8. O-O b6 9. Nbd2 c5 10. Qc2 Bb7 11. Rfe1 Rc8 12. Rad1 Qe7 13. Qb1 Rfe8 14. Qa1 a5 15. h3 a4 16. Ne5 Nb8 17. e4 Bxe5 18. dxe5 Nxe4 19. Nxe4 dxe4 20. Bxe4 Bxe4 21. Rxe4 Red8 22. Ree1 Nc6 23. Rd6 Rxd6 24. exd6 Qf8 25. Rd1 Rd8 26. d7 f6 27. bxa4 Qe7 28. Qb1 Rxd7 29. Rxd7 Qxd7 30. Bc3 Qd8 31. Qe4 Qd7 32. Kh2 Nd4 33. a5 bxa5 34. Qa8+ Kf7 35. Bxa5 e5 36. Bb6 Ne6 37. Qd5 Qc8 38. a4 h6 39. a5 Ke7 40. h4 Kf7 41. Qd6 f5 42. Qxe5 g6 43. h5 Qc6 44. Qd5 Qc8 45. hxg6+ Kxg6 46. a6 Qxa6 47. Qxe6+ Kg7 48. Qe7+ Kg6 49. Qxc5 Kg5 50. Bd8+ Kg4 51. Qd4+ Kh5 52. Qf6 Qxc4 53. Qxf5# 1-0

[Event "FIDE WY-U16 Olympiad 2022"]
[Site "Nakhchivan"]
[Date "2022.10.10"]
[Round "9.5"]
[White "Hidalgo Diaz, Daniel"]
[Black "Madaminov, Mukhiddin"]
[Result "1/2-1/2"]
[WhiteElo "2315"]
[BlackElo "2441"]
[Annotator "TA"]
[PlyCount "109"]
[EventDate "2022.10.02"]
[EventType "team-tourn"]
[EventCountry "AZE"]
[SourceTitle "playchess.com"]
[Source "ChessBase"]
[SourceQuality "1"]
[WhiteTeam "Cuba"]
[BlackTeam "Uzbekistan"]
[WhiteTeamCountry "CUB"]
[BlackTeamCountry "UZB"]

1. d4 Nf6 2. Nf3 g6 3. e3 Bg7 4. Be2 O-O 5. O-O a5 6. c4 d6 7. Nc3 Nc6 8. b3 Bf5 9. Bb2 Ne4 10. Bd3 Nxc3 11. Bxc3 Bg4 12. Be2 e5 13. h3 Bf5 14. dxe5 dxe5 15. Qc1 Qe7 16. Qb2 Rfd8 17. Rfd1 b6 18. Rd5 Be4 19. Rxd8+ Rxd8 20. Rd1 Rd6 21. Rxd6 Qxd6 22. Qd2 Bf8 23. Qxd6 Bxd6 24. Bd1 Bb1 25. a4 Kf8 26. Nd2 Bd3 27. Bf3 Bb4 28. Bxc6 Bxc3 29. Be4 Be2 30. Bf3 Bxf3 31. Nxf3 Ke7 32. Kf1 Kd6 33. Ke2 Kc5 34. Kd3 Kb4 35. Kc2 h6 36. e4 Ba1 37. Ne1 Kc5 38. Kd3 Bd4 39. f3 h5 40. Nc2 Bg1 41. Ke2 h4 42. Kf1 Bh2 43. Ke2 c6 44. Kd3 Bg1 45. Kc3 Bf2 46. Kd3 Kd6 47. Ke2 Bc5 48. Ne1 f5 49. Nd3 Bd4 50. Kd2 Ke7 51. Ke2 Ke6 52. Kd2 Kd6 53. Ke2 f4 54. Kd2 b5 55. Kc2 1/2-1/2

[Event "FIDE WY-U16 Olympiad 2022"]
[Site "Nakhchivan"]
[Date "2022.10.10"]
[Round "9.5"]
[White "Anand, Batsukh"]
[Black "Springis, Jevgenijs"]
[Result "1-0"]
[WhiteElo "2202"]
[BlackElo "2057"]
[Annotator "TA"]
[PlyCount "95"]
[EventDate "2022.10.02"]
[EventType "team-tourn"]
[EventCountry "AZE"]
[SourceTitle "playchess.com"]
[Source "ChessBase"]
[SourceQuality "1"]
[WhiteTeam "Mongolia"]
[BlackTeam "Latvia"]
[WhiteTeamCountry "MGL"]
[BlackTeamCountry "LAT"]

1. d4 Nf6 2. c4 g6 3. Nc3 Bg7 4. Nf3 O-O 5. Bg5 h6 6. Bh4 d6 7. e3 Nc6 8. Be2 g5 9. Bg3 Nd7 10. d5 Nce5 11. h4 g4 12. Nd4 Nb6 13. Bxe5 dxe5 14. Nb3 h5 15. Ne4 Bf5 16. Ng3 Bg6 17. Nc5 Rb8 18. O-O Nd7 19. Nce4 Bh6 20. c5 f5 21. c6 Nf6 22. Nc5 bxc6 23. Ne6 Qxd5 24. Nxf8 Qxd1 25. Rfxd1 Kxf8 26. Bd3 e6 27. b3 Nd5 28. e4 Nc3 29. exf5 exf5 30. Bxf5 Bxf5 31. Nxf5 Nxd1 32. Rxd1 Bg7 33. Rd7 Bf6 34. Rxc7 Rd8 35. g3 Rd1+ 36. Kg2 Bd8 37. Rxa7 Rd2 38. Ra6 Rc2 39. Ra8 Ke8 40. Ne3 Re2 41. Kf1 Rd2 42. Nc4 Rd5 43. Ke2 Kd7 44. Ra7+ Ke6 45. Rh7 e4 46. Rh6+ Bf6 47. Nd2 Re5 48. Ke3 1-0

[Event "FIDE WY-U16 Olympiad 2022"]
[Site "Nakhchivan"]
[Date "2022.10.10"]
[Round "9.6"]
[White "Rakhmatullaev, Almas"]
[Black "Gonzalez Soler, Leduard Manuel"]
[Result "1/2-1/2"]
[WhiteElo "2321"]
[BlackElo "2251"]
[Annotator "TA"]
[PlyCount "89"]
[EventDate "2022.10.02"]
[EventType "team-tourn"]
[EventCountry "AZE"]
[SourceTitle "playchess.com"]
[Source "ChessBase"]
[SourceQuality "1"]
[BlackTeam "Cuba"]
[BlackTeamCountry "CUB"]

1. e4 c6 2. Nf3 d5 3. Nc3 Bg4 4. h3 Bxf3 5. Qxf3 e6 6. d4 dxe4 7. Qxe4 Nf6 8. Qd3 Bd6 9. Be2 Nbd7 10. O-O O-O 11. Rd1 Qc7 12. Ne4 Bh2+ 13. Kh1 Bf4 14. Bf3 Rfd8 15. c3 Nxe4 16. Qxe4 Bxc1 17. Raxc1 Nf6 18. Qe2 Rd7 19. Rd2 Rad8 20. Rcd1 h6 21. g3 g6 22. Kg2 Kg7 23. Qe3 Nd5 24. Qe2 Nf6 25. a3 Kh7 26. Rd3 e5 27. dxe5 Rxd3 28. Rxd3 Rxd3 29. Qxd3 Qxe5 30. Qd8 Kg7 31. Qa8 Qb5 32. b4 Qa6 33. a4 Nd7 34. Qe8 Qd3 35. a5 Qd6 36. Qd8 a6 37. c4 Qe6 38. b5 Ne5 39. Qd4 Kh7 40. bxa6 Nxf3 41. Kxf3 bxa6 42. g4 Qe1 43. Qf6 Qh1+ 44. Kg3 Qg1+ 45. Kf3 1/2-1/2

[Event "FIDE WY-U16 Olympiad 2022"]
[Site "Nakhchivan"]
[Date "2022.10.10"]
[Round "9.6"]
[White "Adamovics, Aleksejs"]
[Black "Tenuunbold, Battulga"]
[Result "1-0"]
[WhiteElo "2051"]
[BlackElo "2128"]
[Annotator "TA"]
[PlyCount "129"]
[EventDate "2022.10.02"]
[EventType "team-tourn"]
[EventCountry "AZE"]
[SourceTitle "playchess.com"]
[Source "ChessBase"]
[SourceQuality "1"]
[WhiteTeam "Latvia"]
[BlackTeam "Mongolia"]
[WhiteTeamCountry "LAT"]
[BlackTeamCountry "MGL"]

1. d4 d5 2. c4 e6 3. Nc3 Nf6 4. cxd5 exd5 5. Bf4 c6 6. e3 Bd6 7. Bg3 Bf5 8. Bd3 Bg6 9. Nge2 O-O 10. O-O Bxg3 11. Nxg3 Nbd7 12. f3 c5 13. Bxg6 hxg6 14. Qd2 Qb6 15. Na4 Qb5 16. Nxc5 Nxc5 17. dxc5 Qxc5 18. Rac1 Qb6 19. Ne2 Rfe8 20. Nd4 Nd7 21. Rc2 Ne5 22. b3 Rac8 23. Rfc1 Rxc2 24. Qxc2 Nc6 25. Qc5 Nxd4 26. Qxd4 Qa5 27. a4 a6 28. Kf2 Qd8 29. Rc5 Qd6 30. Rxd5 Qxh2 31. Rd8 Rxd8 32. Qxd8+ Kh7 33. Qe7 b5 34. axb5 axb5 35. Qxf7 Qh4+ 36. Ke2 Qh2 37. e4 Qxg2+ 38. Kd3 Qb2 39. Qd5 b4 40. e5 Qc3+ 41. Ke4 Qe1+ 42. Kd3 Qc3+ 43. Ke2 Qc2+ 44. Ke3 Qc3+ 45. Kf2 Qc2+ 46. Kg3 Qf5 47. Qd4 g5 48. Qe3 Qe6 49. Qxg5 Qxb3 50. Qf5+ g6 51. Qd7+ Kh6 52. e6 Qe3 53. e7 Qg1+ 54. Kf4 Qc1+ 55. Ke5 Qc5+ 56. Ke6 Qe3+ 57. Kd6 Qb6+ 58. Qc6 Qd4+ 59. Ke6 Qe3+ 60. Kd7 Qa7+ 61. Ke6 Qe3+ 62. Kf7 Qb3+ 63. Qe6 Qxf3+ 64. Kg8 Qc3 65. Qf7 1-0

[Event "FIDE WY-U16 Olympiad 2022"]
[Site "Nakhchivan"]
[Date "2022.10.10"]
[Round "9.7"]
[White "Amilal Munkhdalai"]
[Black "Savicevs, Arsenijs"]
[Result "1/2-1/2"]
[WhiteElo "2200"]
[BlackElo "1878"]
[Annotator "TA"]
[PlyCount "88"]
[EventDate "2022.10.02"]
[EventType "team-tourn"]
[EventCountry "AZE"]
[SourceTitle "playchess.com"]
[Source "ChessBase"]
[SourceQuality "1"]
[WhiteTeam "Mongolia"]
[WhiteTeamCountry "MGL"]

1. e4 c5 2. Nf3 e6 3. b3 b6 4. c4 Bb7 5. Nc3 Nc6 6. Bb2 Nd4 7. Bd3 Nxf3+ 8. Qxf3 Ne7 9. Qg3 a6 10. e5 d6 11. exd6 Ng6 12. Ne4 Ra7 13. Qe3 Nh4 14. O-O-O Nf5 15. Qf4 Bxe4 16. Bxe4 Bxd6 17. Qg4 h5 18. Qh3 Nd4 19. Rhe1 b5 20. Qd3 Qb6 21. g3 O-O 22. Kb1 bxc4 23. Qxc4 a5 24. Qa4 Rb8 25. Rc1 Qb4 26. Qxb4 Rxb4 27. Ba3 Rb8 28. Bxc5 Bxc5 29. Rxc5 a4 30. Rec1 f5 31. Rc8+ Rxc8 32. Rxc8+ Kf7 33. Rd8 axb3 34. Rxd4 bxa2+ 35. Ka1 fxe4 36. Rxe4 Kf6 37. d4 g5 38. h4 Ra6 39. hxg5+ Kxg5 40. Re5+ Kg4 41. d5 exd5 42. Rxd5 Ra4 43. f3+ Kxg3 44. Rxh5 Kxf3 1/2-1/2

[Event "FIDE WY-U16 Olympiad 2022"]
[Site "Nakhchivan"]
[Date "2022.10.10"]
[Round "9.7"]
[White "Hernandez Izquierdo, Jose A."]
[Black "Suyarov, Mukhammadzokhid"]
[Result "0-1"]
[WhiteElo "2140"]
[BlackElo "2287"]
[Annotator "TA"]
[PlyCount "80"]
[EventDate "2022.10.02"]
[EventType "team-tourn"]
[EventCountry "AZE"]
[SourceTitle "playchess.com"]
[Source "ChessBase"]
[SourceQuality "1"]
[WhiteTeam "Cuba"]
[BlackTeam "Uzbekistan"]
[WhiteTeamCountry "CUB"]
[BlackTeamCountry "UZB"]

1. e4 e6 2. d4 d5 3. Nc3 Nf6 4. Bg5 Be7 5. e5 Nfd7 6. Bxe7 Qxe7 7. f4 a6 8. Nf3 c5 9. Bd3 Nc6 10. O-O b5 11. dxc5 Nxc5 12. a3 Bb7 13. b4 Nd7 14. Ne2 Nb6 15. Ned4 Nc4 16. Qe1 Nxd4 17. Nxd4 O-O 18. Qg3 Rae8 19. f5 exf5 20. Bxc4 f4 21. Qxf4 dxc4 22. Rae1 Bc8 23. c3 Qc7 24. Qg5 Re7 25. e6 fxe6 26. Nf5 Ree8 27. Nh6+ Kh8 28. Ng4 Bb7 29. Ne5 Bd5 30. Rf4 Qa7+ 31. Kh1 Rxf4 32. Qxf4 Qa8 33. Re2 Rf8 34. Nf7+ Kg8 35. Nh6+ gxh6 36. Qg4+ Kf7 37. Qh5+ Ke7 38. h3 Rf1+ 39. Kh2 Qb8+ 40. Re5 Kf6 0-1

[Event "FIDE WY-U16 Olympiad 2022"]
[Site "Nakhchivan"]
[Date "2022.10.10"]
[Round "9.8"]
[White "Omonova, Umida"]
[Black "Caballero Ramos, Greter"]
[Result "1-0"]
[WhiteElo "2078"]
[BlackElo "1912"]
[Annotator "TA"]
[PlyCount "75"]
[EventDate "2022.10.02"]
[EventType "team-tourn"]
[EventCountry "AZE"]
[SourceTitle "playchess.com"]
[Source "ChessBase"]
[SourceQuality "1"]
[WhiteTeam "Uzbekistan"]
[BlackTeam "Cuba"]
[WhiteTeamCountry "UZB"]
[BlackTeamCountry "CUB"]

1. e4 e6 2. d4 d5 3. Nd2 Nf6 4. e5 Nfd7 5. Bd3 c5 6. c3 Nc6 7. Ne2 cxd4 8. cxd4 f6 9. exf6 Nxf6 10. O-O Bd6 11. Nf3 O-O 12. Bf4 Bxf4 13. Nxf4 Ne4 14. Qc1 Ng5 15. Nxg5 Qxg5 16. Ne2 Qg4 17. Qe3 Bd7 18. Rad1 Rae8 19. f4 Nb4 20. Bb1 Bb5 21. Rd2 Rf6 22. Rf3 Ref8 23. Nc3 Be8 24. Rdf2 Bg6 25. h3 Qh4 26. g3 Qh6 27. Bxg6 Qxg6 28. Kh2 Nc6 29. Re2 Qf7 30. Qd3 Ne7 31. Nd1 g5 32. Ne3 gxf4 33. Ng4 fxg3+ 34. Rxg3 Kh8 35. Nxf6 Qxf6 36. Qa3 Ng6 37. Qe3 Qf1 38. Rxg6 1-0

[Event "FIDE WY-U16 Olympiad 2022"]
[Site "Nakhchivan"]
[Date "2022.10.10"]
[Round "9.8"]
[White "Maklakova, Naomi"]
[Black "Khuslen, Erdenebayar"]
[Result "0-1"]
[WhiteElo "1625"]
[BlackElo "1590"]
[Annotator "NA RC COMBH"]
[PlyCount "80"]
[EventDate "2022.10.02"]
[EventType "team-tourn"]
[EventCountry "AZE"]
[SourceTitle "playchess.com"]
[Source "ChessBase"]
[SourceQuality "1"]
[WhiteTeam "Latvia"]
[BlackTeam "Mongolia"]
[WhiteTeamCountry "LAT"]
[BlackTeamCountry "MGL"]

1. d4 Nf6 2. Nf3 c5 3. d5 g6 4. c4 b5 5. cxb5 a6 6. e3 Bg7 7. bxa6 O-O 8. Nc3 Bxa6 9. Bxa6 Nxa6 10. O-O d6 11. e4 Nd7 12. Bd2 Qb6 13. Rb1 Nc7 14. a3 Nb5 15. Nxb5 Qxb5 16. Qc2 Qa4 17. Ne1 Rfb8 18. Bc1 Ne5 19. b3 Qb5 20. Bg5 Kf8 21. f4 Ng4 22. a4 Bd4+ 23. Rf2 Bxf2+ 24. Qxf2 Nxf2 25. axb5 Nxe4 26. Bh6+ Ke8 27. Nc2 Rxb5 28. Re1 f5 29. b4 cxb4 30. Nd4 Rxd5 31. Ne6 Kd7 32. Nf8+ Kc6 33. Rc1+ Rc5 34. Rb1 b3 35. h3 b2 36. Rxb2 Ra1+ 37. Kh2 Rcc1 38. g3 Rh1+ 39. Kg2 Rag1+ 40. Kf3 Rxg3+ 0-1

[Event "FIDE WY-U16 Olympiad 2022"]
[Site "Nakhchivan"]
[Date "2022.10.10"]
[Round "9.9"]
[White "Samadov, Read"]
[Black "Tarhan, Adar"]
[Result "1-0"]
[WhiteElo "2455"]
[BlackElo "2320"]
[Annotator "TA"]
[PlyCount "89"]
[EventDate "2022.10.02"]
[EventType "team-tourn"]
[EventCountry "AZE"]
[SourceTitle "playchess.com"]
[Source "ChessBase"]
[SourceQuality "1"]
[WhiteTeam "Azerbaijan"]
[BlackTeam "Turkey"]
[WhiteTeamCountry "AZE"]
[BlackTeamCountry "TUR"]

1. d4 d5 2. c4 e6 3. Nf3 Nf6 4. g3 Be7 5. Bg2 O-O 6. O-O dxc4 7. Qc2 a6 8. a4 Bd7 9. Rd1 Bc6 10. Bg5 Nbd7 11. Nbd2 b5 12. b3 Rb8 13. axb5 axb5 14. bxc4 bxc4 15. Nxc4 Be4 16. Qc1 h6 17. Bd2 c5 18. Bf4 Ra8 19. Rxa8 Bxa8 20. dxc5 Bxc5 21. Nce5 Qe7 22. Nxd7 Nxd7 23. Rxd7 Bxf2+ 24. Kxf2 Qxd7 25. h4 Rc8 26. Qe3 f6 27. Bh3 Bd5 28. Qd3 Rc4 29. Nd2 Ra4 30. Nb1 Qb7 31. Nc3 Ra3 32. Qd4 Qb2 33. Bd2 Ra1 34. Qe3 Ra8 35. Nxd5 exd5 36. Be6+ Kh8 37. Bxd5 Rd8 38. Ba5 Rc8 39. Qe6 Qb8 40. Bd2 Re8 41. Qf7 Rf8 42. Qg6 Rd8 43. Bxh6 Qc7 44. Bf7 Qc5+ 45. Kg2 1-0

[Event "FIDE WY-U16 Olympiad 2022"]
[Site "Nakhchivan"]
[Date "2022.10.10"]
[Round "9.9"]
[White "Jannatul, Ferdousi"]
[Black "Levitan, Caleb Levi"]
[Result "0-1"]
[WhiteElo "1624"]
[BlackElo "2063"]
[Annotator "TA"]
[PlyCount "88"]
[EventDate "2022.10.02"]
[EventType "team-tourn"]
[EventCountry "AZE"]
[SourceTitle "playchess.com"]
[Source "ChessBase"]
[SourceQuality "1"]
[WhiteTeam "Bangladesh"]
[BlackTeam "South Africa"]
[WhiteTeamCountry "BAN"]
[BlackTeamCountry "RSA"]

1. d4 d5 2. Bf4 c5 3. e3 Nc6 4. Nf3 Nf6 5. dxc5 e6 6. c4 Bxc5 7. Nc3 O-O 8. Be2 d4 9. exd4 Nxd4 10. Nxd4 Bxd4 11. Qc2 Qb6 12. O-O Bd7 13. Rad1 Bc6 14. b3 Rfd8 15. Bg3 Rd7 16. Bd3 h6 17. Ne4 Nxe4 18. Bxe4 Rad8 19. Bxc6 Qxc6 20. Rd2 Qc5 21. Rfd1 e5 22. Kf1 f6 23. f3 Rd6 24. Qe4 b5 25. cxb5 Qxb5+ 26. Qd3 Qb6 27. Qc4+ Kh8 28. Bf2 Bxf2 29. Rxd6 Rxd6 30. Rxd6 Qxd6 31. Kxf2 Qd2+ 32. Qe2 Qf4 33. g3 Qc1 34. Kg2 Qc3 35. Qc4 Qb2+ 36. Kh3 Qb1 37. a4 f5 38. Qc8+ Kh7 39. Qc4 e4 40. fxe4 fxe4 41. Qb5 e3 42. Kg2 Qe4+ 43. Kf1 Qf3+ 44. Kg1 e2 0-1

[Event "FIDE WY-U16 Olympiad 2022"]
[Site "Nakhchivan"]
[Date "2022.10.10"]
[Round "9.10"]
[White "Akin, Yagiz Cinar"]
[Black "Talibov, Shiroghlan"]
[Result "1/2-1/2"]
[WhiteElo "2249"]
[BlackElo "2342"]
[Annotator "TA"]
[PlyCount "106"]
[EventDate "2022.10.02"]
[EventType "team-tourn"]
[EventCountry "AZE"]
[SourceTitle "playchess.com"]
[Source "ChessBase"]
[SourceQuality "1"]
[WhiteTeam "Turkey"]
[BlackTeam "Azerbaijan"]
[WhiteTeamCountry "TUR"]
[BlackTeamCountry "AZE"]

1. d4 Nf6 2. c4 e6 3. g3 c5 4. d5 exd5 5. cxd5 d6 6. Nc3 g6 7. Bg2 Bg7 8. Nf3 O-O 9. O-O a6 10. a4 Re8 11. Re1 Nbd7 12. e4 Nh5 13. Bg5 Qa5 14. Qc2 Ne5 15. Nxe5 Bxe5 16. f4 Bd4+ 17. Kh1 Qb4 18. a5 b5 19. Bf3 f6 20. Bh6 Ng7 21. g4 Ra7 22. h4 Rae7 23. h5 gxh5 24. gxh5 Kh8 25. Re2 c4 26. Qd2 Ba7 27. Rg2 Qc5 28. f5 Qd4 29. Qf4 Qe5 30. Qxe5 dxe5 31. d6 Rf7 32. Nd5 Rg8 33. Ne7 Rgf8 34. Rd1 Bd7 35. Rdd2 Bc5 36. Rg3 Re8 37. Nd5 Nxf5 38. exf5 e4 39. Nxf6 exf3 40. Nxe8 Bxe8 41. Rxf3 Bc6 42. d7 Rxd7 43. Rxd7 Bxd7 44. Rf1 Kg8 45. Kh2 Bd4 46. Rd1 Be5+ 47. Kg1 Bc6 48. Rd2 Kf7 49. Be3 b4 50. Kf2 Be4 51. Bd4 c3 52. bxc3 bxc3 53. Bxe5 cxd2 1/2-1/2